|
|
|
|
| LEADER |
00674nam a22002172a 4500 |
| 001 |
001318837 |
| 003 |
CZ BrMZK |
| 005 |
20130819065702.0 |
| 007 |
ta |
| 008 |
130819s1968 gw er|||||||||||ger d |
| 040 |
|
|
|a BOA001
|b cze
|
| 100 |
1 |
|
|a Müller, Friedrich Wilhelm
|4 dis
|
| 245 |
1 |
4 |
|a Die Aerodontalgie bei Militärfliegern /
|c Friedrich Wilhelm Müller
|
| 260 |
|
|
|a Műnchen :
|b F. W. Müller,
|c 1968
|
| 300 |
|
|
|a 74 s.
|
| 502 |
|
|
|a Disertace--Universität München, 1968
|
| 710 |
2 |
|
|a Universität München
|7 kn20020322441
|
| 910 |
|
|
|a BOA001
|b 2-0616.228
|
| 990 |
|
|
|a BK
|
| 991 |
|
|
|b 201308
|
| 996 |
7 |
|
|b 2619684234
|c 2-0616.228
|l HP2
|r DEN
|n 0
|w 001353899
|u 000010
|a 1
|e BOA001
|j MZK50
|s A
|